Unit Circle and Triangles Quiz Stats

 Plays Quiz not verified by Sporcle

Score 0/16 Timer 01:00
0 Plays Today
Question True/False % Correct
????
100%
????
98.8%
????
96.3%
????
93.1%
????
87.8%
????
84.6%
????
82.1%
????
72.8%
Question True/False % Correct
????
63%
????
56.9%
????
53.7%
????
48.8%
????
45.1%
????
40.2%
????
37.4%
????
33.7%

You're not logged in!

Compare scores with friends on all Sporcle quizzes.
OR
Log In

Show Comments

Extras

Created Oct 20, 2010ReportNominate
Tags:circle, triangle, unit

Top Quizzes Today


Score Distribution

Your Account Isn't Verified!

In order to create a playlist on Sporcle, you need to verify the email address you used during registration. Go to your Sporcle Settings to finish the process.

Report this User

Report this user for behavior that violates our Community Guidelines.

Details: